| 000 -LEADER |
| fixed length control field |
01185cam a2200241 a 4500 |
| 003 - CONTROL NUMBER IDENTIFIER |
| control field |
OSt |
| 005 - DATE AND TIME OF LATEST TRANSACTION |
| control field |
20240117113755.0 |
| 008 - FIXED-LENGTH DATA ELEMENTS--GENERAL INFORMATION |
| fixed length control field |
080401s2009 dcua b 001 0 eng |
| 020 ## - INTERNATIONAL STANDARD BOOK NUMBER |
| International Standard Book Number |
9781597264990 (pbk. : alk. paper) |
| 082 00 - DEWEY DECIMAL CLASSIFICATION NUMBER |
| Classification number |
307.76 |
| Edition number |
22 |
| Item number |
NEW |
| 100 1# - MAIN ENTRY--PERSONAL NAME |
| Personal name |
Newman, Peter, |
| Dates associated with a name |
1945- |
| 245 10 - TITLE STATEMENT |
| Title |
Resilient cities : |
| Remainder of title |
responding to peak oil and climate change / |
| Statement of responsibility, etc |
Peter Newman, Timothy Beatley, and Heather Boyer. |
| 260 ## - PUBLICATION, DISTRIBUTION, ETC. (IMPRINT) |
| Place of publication, distribution, etc |
Washington, DC : |
| Name of publisher, distributor, etc |
Island Press, |
| Date of publication, distribution, etc |
c2009. |
| 300 ## - PHYSICAL DESCRIPTION |
| Extent |
xiii, 166 p. : |
| Other physical details |
ill. ; |
| Dimensions |
23 cm. |
| 504 ## - BIBLIOGRAPHY, ETC. NOTE |
| Bibliography, etc |
Includes bibliographical references (p. [149]-160) and index. |
| 505 0# - FORMATTED CONTENTS NOTE |
| Formatted contents note |
Urban resilience : cities of fear and hope -- Climate change and peak oil : the double whammy for resource-intensive cities -- Four scenarios for the future of cities : collapse, ruralized, divided, or resilient city -- A vision for resilient cities : the built environment -- Hope for resilient cities : transport -- Conclusion : ten strategic steps toward a resilient city. |
| 650 #0 - SUBJECT ADDED ENTRY--TOPICAL TERM |
| Topical term or geographic name as entry element |
Urban ecology (Sociology) |
| 650 #0 - SUBJECT ADDED ENTRY--TOPICAL TERM |
| Topical term or geographic name as entry element |
City planning. |
| 650 #0 - SUBJECT ADDED ENTRY--TOPICAL TERM |
| Topical term or geographic name as entry element |
Sustainable development. |
| 700 1# - ADDED ENTRY--PERSONAL NAME |
| Personal name |
Beatley, Timothy, |
| Dates associated with a name |
1957- |
| 700 1# - ADDED ENTRY--PERSONAL NAME |
| Personal name |
Boyer, Heather. |
| 942 ## - ADDED ENTRY ELEMENTS (KOHA) |
| Source of classification or shelving scheme |
|